LEADER 01418nam--2200421---450- 001 990001200800203316 005 20031017105306.0 010 $a0-89867-875-7 035 $a000120080 035 $aUSA01000120080 035 $a(ALEPH)000120080USA01 035 $a000120080 100 $a20031017d1996----km-y0itay0103----ba 101 0 $aeng. 102 $aUS 105 $a||||||||001yy 200 1 $aFactors limiting microbial growth in distribution systems$efull-scale experiments$fprepared by Mark W. LeChevallier and Nancy J. Shaw, Darrel B. Smith$gsponsored by AWWA Research Foundation 210 $aDenver$cAWWA Research Foundation ; American Water Works Association$dcopyr. 1996 215 $aXIX, 152 p.$d28 cm. 300 $aIn cop.: Subject area : distribution systems 410 0$12001 454 1$12001 461 1$1001-------$12001 606 0 $aAcque potabili$xMicrobiologia 676 $a628.101579 702 1$aLECHEVALLIER,$bMark W. 702 1 $aSHAW,$bNancy J. 702 1 $aSMITH,$bDarrel B. 801 0$aIT$bsalbc$gISBD 912 $a990001200800203316 951 $a628.101579 FAC$b15550 Ing.$cFAC 959 $aBK 969 $aTEC 979 $aSIAV4$b10$c20031017$lUSA01$h1004 979 $aSIAV4$b10$c20031017$lUSA01$h1053 979 $aPATRY$b90$c20040406$lUSA01$h1726 996 $aFactors limiting microbial growth in distribution systems$9880694 997 $aUNISA LEADER 01634nam 2200385 n 450 001 996390628203316 005 20221108102053.0 035 $a(CKB)1000000000655597 035 $a(EEBO)2240904742 035 $a(UnM)99853809 035 $a(EXLCZ)991000000000655597 100 $a19920702d1584 uy | 101 0 $alat 135 $aurbn||||a|bb| 200 00$aInstitutionis Christianæ religionis a Ioanne Caluino conscriptæ, epitome. In qua aduersariorum obiectionibus breues ac solidæ responsiones annotantur. Per Gulielmum Launeum verbi Dei ministrum$b[electronic resource] 205 $aEditio secunda emendatior: tabulis etiam & indice multo? facilioribus & locupletioribus. 210 $aLondini $cExcudebat Thomas Vautrollerius typographus$d1584 215 $a[30], 373, [35] p 300 $aAn abridgment, by Edmund Bunny, of: Institutio Christianae religionis. 300 $aIncludes index. 300 $aReproduction of the original in the British Library. 330 $aeebo-0018 606 $aReformed Church$xDoctrines$vEarly works to 1800 615 0$aReformed Church$xDoctrines 700 $aCalvin$b Jean$f1509-1564.$0154241 701 $aLawne$b William$01002397 701 $aBunny$b Edmund$f1540-1619.$01002895 801 0$bCu-RivES 801 1$bCu-RivES 801 2$bCStRLIN 801 2$bWaOLN 906 $aBOOK 912 $a996390628203316 996 $aInstitutionis Christianæ religionis a Ioanne Caluino conscriptæ, epitome. In qua aduersariorum obiectionibus breues ac solidæ responsiones annotantur. Per Gulielmum Launeum verbi Dei ministrum$92349713 997 $aUNISA